00832nam a22002177a 45000010005000000030006000050050017000110080041000280400029000690500013000980820011001111000019001222450062001412500028002032600033002313000039002645200230003036500028005336500021005617000032005824459FISKH20240911092742.0240911b cb ||||| |||| 00| 0 eng d aFISKHbengcFISKHdFISKH aPZ7.C634 2823.92 aCoe, Catherine aThe owls of blossom wood lost and found / cCatherine Ceo aFirst published in 2015 aLondon :bScholastic,c2015. a84 pages :billustrations ;c20 cm aAlex, Katie, and Eva can't wait for Blossom Wood's springtime celebration. The three best friends are helping the animals prepare when disaster strikes. Flo, the youngest deer, has gone missing, and no one knows where she is! 2FantasyvAnimal fiction 2Children'saBird aKurilla, Reneedillustrator